Fluid power (Record no. 299)

MARC details
000 -LEADER
Fixed length control field 00443nam a22001817a 4500
003 - CONTROL NUMBER IDENTIFIER
Control field SEACOMMC
005 - DATE AND TIME OF LATEST TRANSACTION
Control field 20231109054401.0
008 - FIXED-LENGTH DATA ELEMENTS--GENERAL INFORMATION
Fixed length control field 231109b |||||||| |||| 00| 0 eng d
020 ## - INTERNATIONAL STANDARD BOOK NUMBER / ISBN
Price Rs. 325.00
040 ## - CATALOGING SOURCE
Original cataloging agency SEACOMMC
082 ## - DEWEY DECIMAL CLASSIFICATION NUMBER
Classification number 620.106
Book Number ESP
100 1# - MAIN ENTRY--PERSONAL NAME
Personal name Esposito, Anthony
245 1# - TITLE STATEMENT
Title Fluid power
Sub title with applications
Statement of responsibility Anthony Esposito
250 ## - EDITION STATEMENT
Edition statement 6th Ed
260 ## - IMPRINT
Place of publication Delhi
Name of publisher Pearson
Date of publication 2006
650 ## - SUBJECT ADDED ENTRY--TOPICAL TERM
Topical term Engineering
942 ## - ADDED ENTRY ELEMENTS (KOHA)
Koha item type Books
Holdings
Withdrawn status Lost status Source of classification Damaged status Not for loan Home library Current library Date acquired Total Checkouts Call number Accession number Date last seen Price effective from Koha item type
    Dewey Decimal Classification     SEACOM MANAGEMENT COLLEGE SEACOM MANAGEMENT COLLEGE 07/09/2006   620.106 ESP 05472 09/11/2023 09/11/2023 Books
© Seacom Engineering College, All rights reserved.    Powered by Koha